Things Sporclers Associate with Mississippi Quiz Stats

 Plays Quiz not verified by Sporcle

Support Sporcle.
Go Orange.
Score 0/33 Timer 15:00
0 Plays Today
Occurrence Thing % Correct
6Jackson
85.5%
4Alabama
83.1%
3Louisiana
81.9%
6Mississippi River
79.5%
4Gulf of Mexico
73.5%
4South
73.5%
6Confederacy
71.1%
3Tennessee
69.9%
3Ole Miss Rebels
65.1%
2Arkansas
57.8%
5Biloxi
55.4%
2Black People
55.4%
4Slavery
50.6%
3Poor
50.6%
5Elvis Presley
44.6%
5Cotton
39.8%
2Racism
38.6%
Occurrence Thing % Correct
2Gulfport
34.9%
4Plantations
32.5%
2Mississippi State Bulldogs
31.3%
4Tupelo
30.1%
4Vicksburg
28.9%
2Hattiesburg
27.7%
2Blues
26.5%
2Oxford
26.5%
3Civil War
25.3%
2Oprah Winfrey
20.5%
2Humid
19.3%
2Confederate Flag
18.1%
3Magnolias
15.7%
2Jefferson Davis
10.8%
2William Faulkner
8.4%
2Soul Food
1.2%

You're not logged in!

Compare scores with friends on all Sporcle quizzes.
OR
Log In

From the Vault

Mini-Minefields II

by wiggytitch

They may be small, but they still pack a punch.
Remove Ads.
Support Sporcle.
Get the best of Sporcle when you Go Orange. This ad-free experience offers more features, more stats, and more fun while also helping to support Sporcle. Thank you for becoming a member.

Show Comments

Extras

Top Quizzes Today


Score Distribution

Your Account Isn't Verified!

In order to create a playlist on Sporcle, you need to verify the email address you used during registration. Go to your Sporcle Settings to finish the process.

Report this User

Report this user for behavior that violates our Community Guidelines.

Details: